Henderson's dictionary of biological terms / (Record no. 37134)
[ view plain ]
| 000 -LEADER | |
|---|---|
| fixed length control field | 01071nam a2200337 a 4500 |
| 001 - CONTROL NUMBER | |
| control field | 37134 |
| 003 - CONTROL NUMBER IDENTIFIER | |
| rucl marc code | BD-RjUL |
| 005 - DATE AND TIME OF LATEST TRANSACTION | |
| control field | 20211209052600.0 |
| 008 - FIXED-LENGTH DATA ELEMENTS--GENERAL INFORMATION | |
| fixed length control field | 141019s1989 nyu d 000 0 eng d |
| 020 ## - INTERNATIONAL STANDARD BOOK NUMBER | |
| International Standard Book Number | 0582463629 (pbk) : |
| 035 ## - SYSTEM CONTROL NUMBER | |
| System control number | (OCoLC)501416593 |
| System control number | (OCoLC)ocn501416593 |
| System control number | (CStRLIN)NYCM89-B4816 |
| System control number | (BD-RjUL)37236 |
| System control number | (NNC)3947044 |
| 040 ## - CATALOGING SOURCE | |
| Original cataloging agency | Uk |
| Transcribing agency | Uk |
| Modifying agency | DLC |
| -- | CStRLIN |
| -- | NNC-M |
| Language of cataloging | eng |
| 041 ## - LANGUAGE CODE | |
| Language code of text/sound track or separate title | eng |
| 082 04 - DEWEY DECIMAL CLASSIFICATION NUMBER | |
| Classification number | 574.0321 |
| Edition number | 19 |
| Author mark and year | HEB 1989 |
| 100 1# - MAIN ENTRY--PERSONAL NAME | |
| Personal name | Henderson, I. F. |
| Fuller form of name | (Isabella Ferguson) |
| 9 (RLIN) | 113558 |
| 245 10 - TITLE STATEMENT | |
| Title | Henderson's dictionary of biological terms / |
| Statement of responsibility, etc. | I. F. Henderson, |
| 250 ## - EDITION STATEMENT | |
| Edition statement | 10th ed. |
| 260 ## - PUBLICATION, DISTRIBUTION, ETC. (IMPRINT) | |
| Place of publication, distribution, etc. | New York : |
| Name of publisher, distributor, etc. | John Wiley & Sons ; |
| Place of publication, distribution, etc. | Burnt Mill, Essex : |
| Name of publisher, distributor, etc. | Longman Scientific & Technical, |
| Date of publication, distribution, etc. | c1989. |
| 300 ## - PHYSICAL DESCRIPTION | |
| Pagination | 637 p. ; |
| Size | 23 cm. |
| 500 ## - GENERAL NOTE | |
| General note | "A Wiley-Interscience publication." |
| 650 #2 - SUBJECT ADDED ENTRY--TOPICAL TERM | |
| Topical term or geographic name as entry element | Biology |
| Form subdivision | Dictionary. |
| 9 (RLIN) | 113559 |
| 700 1# - ADDED ENTRY--PERSONAL NAME | |
| Personal name | Henderson, W. D. |
| Fuller form of name | (William Dawson) |
| Personal name | Lawrence, Eleanor. |
| 942 ## - ADDED ENTRY ELEMENTS (KOHA) | |
| Source of classification or shelving scheme | Dewey Decimal Classification |
| Koha item type | Books |
| Lost status | Source of classification or shelving scheme | Damaged status | Not for loan | Permanent Location | Current Location | Shelving location | Date acquired | Total Checkouts | Full call number | Date last seen | Copy number | Koha item type |
|---|---|---|---|---|---|---|---|---|---|---|---|---|
| Dewey Decimal Classification | Not For Loan | Institute of Biological Sciences (IBSc) Library | Institute of Biological Sciences (IBSc) Library | 19/10/2014 | 574.0321 HEH 1989 | 19/10/2014 | C-1 | Books |